000
00280nam a2200097Ia 4500
001
647121
005
20250826153656.0
008
250824s9999 xx 000 0 und d
245
0
_a
ŞİRİN İSTANBULU GEZİYORUM 20 ÇAMLICA TEPESİNDE
_c
BİRSEN EKİM ÖZEN
260
_b
TİMAŞ ÇOCUK
999
_c
647121
_d
647121